| 000 | 00999cam a2200289 i 4500 | ||
|---|---|---|---|
| 001 | 17825948 | ||
| 003 | OSt | ||
| 005 | 20240624103827.0 | ||
| 008 | 130725s2014 nyua b 001 0 eng | ||
| 010 | _a 2013029651 | ||
| 020 | _a9781107029569 | ||
| 040 |
_aDLC _beng _cDLC _erda _dDLC |
||
| 042 | _apcc | ||
| 050 | 0 | 0 |
_aQA76.76.I58 _bG45 2014 |
| 100 | 1 | _aGelfond, Michael, | |
| 245 | 1 | 0 |
_aKnowledge representation, reasoning, and the design of intelligent agents : _bthe answer-set programming approach / _cMichael Gelfond |
| 264 | 1 |
_aNew York, NY : _bCambridge University Press, _c2014. |
|
| 300 | _axiv, 348 p : | ||
| 336 |
_atext _2rdacontent |
||
| 337 |
_aunmediated _2rdamedia |
||
| 338 |
_avolume _2rdacarrier |
||
| 650 | 0 | _aIntelligent agents (Computer software) | |
| 700 | 1 |
_aKahl, Yulia, _d1970- _eauthor. |
|
| 906 |
_a7 _bcbc _corignew _d1 _eecip _f20 _gy-gencatlg |
||
| 942 |
_2lcc _cBK |
||
| 999 |
_c20446 _d20445 |
||